व्यावहारिक हिंदी : (Record no. 118338)
[ view plain ]
| 000 -LEADER | |
|---|---|
| fixed length control field | 01249nam a22002777a 4500 |
| 003 - CONTROL NUMBER IDENTIFIER | |
| control field | dpl |
| 005 - DATE AND TIME OF LATEST TRANSACTION | |
| control field | 20190111163524.0 |
| 008 - FIXED-LENGTH DATA ELEMENTS--GENERAL INFORMATION | |
| fixed length control field | 190111b ||||| |||| 00| 0 eng d |
| 010 ## - LIBRARY OF CONGRESS CONTROL NUMBER | |
| LC control number | A-994807, A-994811 |
| 020 ## - INTERNATIONAL STANDARD BOOK NUMBER | |
| Terms of availability | 325.00 |
| International Standard Book Number | 8186803686 |
| 035 ## - SYSTEM CONTROL NUMBER | |
| System control number | A-994807, A-994811 |
| 037 ## - SOURCE OF ACQUISITION | |
| Source of stock number/acquisition | Cen Lib/Ret |
| 040 ## - CATALOGING SOURCE | |
| Original cataloging agency | DPL |
| Language of cataloging | HN |
| Transcribing agency | 0 |
| 082 ## - DEWEY DECIMAL CLASSIFICATION NUMBER | |
| Classification number | 420 |
| Item number | रत्तूकृ |
| 100 ## - MAIN ENTRY--PERSONAL NAME | |
| Personal name | रत्तू, कृष्ण कुमार |
| 9 (RLIN) | 79603 |
| 245 ## - TITLE STATEMENT | |
| Title | व्यावहारिक हिंदी : |
| Statement of responsibility, etc | कृष्ण कुमार रत्तू |
| Remainder of title | नयी भाषा संरचना / |
| 246 ## - VARYING FORM OF TITLE | |
| Title proper/short title | Vyavaharik hindi : nayi bhasha sanrachana / |
| Remainder of title | by Krishan Kumar Rattoo |
| 260 ## - PUBLICATION, DISTRIBUTION, ETC. (IMPRINT) | |
| Place of publication, distribution, etc | जयपुर |
| Name of publisher, distributor, etc | नेशनल पब्लिशिंग हाउस |
| Date of publication, distribution, etc | 2000 |
| 270 ## - ADDRESS | |
| City | जयपुर |
| Address | 377, चौड़ा रास्ता |
| Postal code | 302003 |
| 300 ## - PHYSICAL DESCRIPTION | |
| Extent | vi,253पृ. |
| Dimensions | 20सेमी(सजिल्द ) |
| 650 ## - SUBJECT ADDED ENTRY--TOPICAL TERM | |
| Topical term or geographic name as entry element | हिन्दी --भाषा |
| General subdivision | |
| Geographic subdivision | |
| 9 (RLIN) | 79604 |
| 650 ## - SUBJECT ADDED ENTRY--TOPICAL TERM | |
| Topical term or geographic name as entry element | हिन्दी --भाषा--भाषा संरचना |
| 9 (RLIN) | 79605 |
| 650 ## - SUBJECT ADDED ENTRY--TOPICAL TERM | |
| Topical term or geographic name as entry element | Hindi--bhasha |
| 9 (RLIN) | 43966 |
| 650 ## - SUBJECT ADDED ENTRY--TOPICAL TERM | |
| Topical term or geographic name as entry element | Hindi--bhasha--Language Structure |
| 9 (RLIN) | 79606 |
| 942 ## - ADDED ENTRY ELEMENTS (KOHA) | |
| Source of classification or shelving scheme | Dewey Decimal Classification |
| Koha item type | Hindi Books |
| Classification part | 420 |
| Call number suffix | रत्तूकृ |
| Withdrawn status | Lost status | Damaged status | Not for loan | Home library | Current library | Date acquired | Source of acquisition | Cost, normal purchase price | Total Checkouts | Full call number | Barcode | Date last seen | Copy number | Cost, replacement price | Price effective from | Koha item type | Source of classification or shelving scheme | Collection code | Total Renewals | Date checked out |
|---|---|---|---|---|---|---|---|---|---|---|---|---|---|---|---|---|---|---|---|---|
| Central Library | Central Library | 11/09/2015 | Cen Lib/Ref | 325.00 | 420 रत्तूकृ | A-994807 | 11/09/2015 | 1 | 325.00 | 11/09/2015 | Hindi Books | |||||||||
| Shahdara Branch | Shahdara Branch | 11/01/2019 | BPPD/PUB | 325.00 | 1 | 420 रत्तूकृ | A-994811 | 27/10/2023 | 325.00 | 11/01/2019 | Hindi Books | Dewey Decimal Classification | Non-fiction | 1 | 27/09/2023 |
